| 000 | 00639nam a2200217Ia 4500 | ||
|---|---|---|---|
| 005 | 20260429112259.0 | ||
| 008 | 260429s9999||||xx |||||||||||||| ||und|| | ||
| 020 | _a9789391734831 | ||
| 041 | _aEnglish | ||
| 082 |
_a635.048 _bMAN |
||
| 100 | _aManivannan, S. | ||
| 245 | 0 |
_aSustainable horticulture : _ba key to futuristic farming / _cS. Manivannan |
|
| 260 |
_aNew Delhi : _bToday & Tomorrow's Printers and Publishers, _c2024. |
||
| 300 | _a332 p.; hb | ||
| 650 | _a Futuristic farming | ||
| 650 | _a Horticulture | ||
| 650 | _aSustainable agriculture | ||
| 700 | _a Afiya, R. S. | ||
| 700 | _a Senthilkumar, S. | ||
| 942 | _cTB | ||
| 999 |
_c53284 _d53284 |
||